Logo Biblioteca

El signo de los cuatro / (Registro nro. 870)

Detalles MARC
000 -LEADER
fixed length control field 00645nam a22002057a 4500
003 - CONTROL NUMBER IDENTIFIER
control field OSt
005 - DATE AND TIME OF LATEST TRANSACTION
control field 20260204122405.0
008 - FIXED-LENGTH DATA ELEMENTS--GENERAL INFORMATION
fixed length control field 260204s2014 ag ||||| |||| 00| 1 spa d
020 ## - INTERNATIONAL STANDARD BOOK NUMBER
International Standard Book Number 987-950-03-7204-6
040 ## - CATALOGING SOURCE
Transcribing agency besoc
100 1# - MAIN ENTRY--PERSONAL NAME
Personal name Doyle, Arthur Conan,
Dates associated with a name 1859-1930.
Relator term Autor
245 13 - TITLE STATEMENT
Title El signo de los cuatro /
Statement of responsibility, etc. Arthur Conan Doyle ; Traducción y notas de Pablo Ingberg
260 ## - PUBLICATION, DISTRIBUTION, ETC.
Place of publication, distribution, etc. Buenos Aires :
Name of publisher, distributor, etc. Losada,
Date of publication, distribution, etc. 2014
300 ## - PHYSICAL DESCRIPTION
Extent 179 p. ;
Dimensions 19 cm
490 0# - SERIES STATEMENT
Series statement Colección aniversario Losada 1938-2008
650 #7 - SUBJECT ADDED ENTRY--TOPICAL TERM
Topical term or geographic name entry element Literatura inglesa
Source of heading or term embne
655 #7 - INDEX TERM--GENRE/FORM
Genre/form data or focus term Novelas policiacas
Source of term embne
700 1# - ADDED ENTRY--PERSONAL NAME
Personal name Ingberg, Pablo,
Dates associated with a name 1960-
942 ## - ADDED ENTRY ELEMENTS (KOHA)
Source of classification or shelving scheme Universal Decimal Classification
Koha item type Obra General
Suppress in OPAC No
Existencias
Withdrawn status Lost status Source of classification or shelving scheme Damaged status Not for loan Collection Home library Current library Date acquired Total checkouts Full call number Barcode Date last seen Price effective from Koha item type
    Universal Decimal Classification     Colección General Biblioteca Escuela de Ciencias Sociales Biblioteca Escuela de Ciencias Sociales 04/02/2026   82-312.4(410.1) D754 000533 04/02/2026 04/02/2026 Obra General
Biblioteca de la Escuela Preuniversitaria en Ciencias Sociales y Humanísticas.
Riobamba 250 bis.
CP 2000 - Rosario - Santa Fe
E-Mail: biblioteca@esociales.unr.edu.ar